000 03597nam a2200577Ia 4500
001 2942
008 241029s9999 xx 000 0 und d
010 _a2761
041 _aEspañol
082 _aR.D. MGE 2009-13
245 0 _aIncidencia de la supervisión escolar efectiva para logros de competencias curriculares en la asignatura de Lengua Española de los Estudiantes del 8vo. Grado. Un estudio comparativo entre Centros Urbanos Privados del Distrito Educativo 05, Regional 06
260 _aLa Vega
300 _a92
520 _a6
630 _aActitud de los Estudiantes
630 _aCentros Educativos
630 _aCompetencias
630 _aEvaluación
630 _aRedimiento académico
650 _aLengua Española
690 _aElaborado
700 _easesor
_a Concepción, José Elías
700 _eautor
_a De la Cruz, Nancy
700 _eautor
_aGuzmán, Paola
901 _a{"1":" De la Cruz","2":"Guzmán"}
_b{"1":" Nancy","2":"Paola "}
902 _a1
903 _a{"1":" Concepción"}
_b{"1":"José Elías"}
904 _aMagíster en
905 _aGestión de Centros Educativos
906 _a2
907 _aNO APLICA
908 _aNO APLICA
909 _aUniversidad Católica Tecnológica del Cibao (UCATECI)
910 _aNULL
_bNULL
911 _a["1"]
912 _aNO APLICA
913 _aNULL
914 _a07 de Septiembre de 2009
915 _a20/07/15 12:07
916 _aNULL
917 _aNULL
918 _aNO APLICA
919 _a["5","33","40","97","242"]
520 _aLa investigación ?Logros de competencias curriculares en la asignatura de Lengua Española de los estudiantes de 8vo grado, un estudio comparativo entre centros urbanos privados del Distrito Educativo 05, Regional 06?, presenta una evaluación del nivel de competencias desarrollado por los alumnos de los Centros Educativos Colegio Agustiniano, Colegio Eugenio María de Hostos, Colegio Inmaculada Concepción y Colegio Santo Tomás de Aquino-UCATECI, La Vega, República Dominicana.La problemática planteada se basó en las bajas calificaciones obtenidas por los alumnos en los exámenes de fin de año y pruebas nacionales, reflejándose un bajo dominio de la lengua y por ende un bajo rendimiento en las demás asignaturas dado que el conocimiento se genera a partir del nivel de dominio de la lengua. El estudio compara los datos entre los cuatro centros reflejando la calidad de la enseñanza de cada centro, el nivel de rendimiento de los estudiantes en cuanto a las competencias y el rol del docente frente a la propuesta curricular del Nivel Básico.El centro educativo con mejores resultados fue el Colegio Inmaculada Concepción. El segundo centro fue el Colegio Agustiniano, el tercer centro fue el Colegio Eugenio María de Hostos y el centro en cuarto lugar el Colegio Santo Tomás de Aquino-UCATECI, en cuanto al número mayor de estudiantes con mejor dominio de competencias. La competencia de mayor logro fue la competencia intelectual y la menor logro la competencia de comunicación en los cuatro centros.Dentro de las conclusiones se destaca el hecho de que los estudiantes no están desarrollando competencias en el área de Lengua Española. Ello es un indicador de que el rendimiento y la adquisición de conocimientos en las demás áreas son igual de pobre que los resultados debido a que sin dominio de la lengua no es posible desarrollar, construir, adquirir nuevos conocimientos.
921 _a28
922 _a28
923 _a0
924 _aNO APLICA
942 _cTesis
999 _c2761
_d2761